[Event "FIDE Womens Grand Swiss 2021"]
[Site "Riga"]
[Date "2021.10.28"]
[Round "2.22"]
[White "Lujan, Carolina"]
[Black "Milliet, Sophie"]
[Result "1-0"]
[WhiteElo "2340"]
[BlackElo "2410"]
[Annotator "NA"]
[PlyCount "137"]
[EventDate "2021.10.27"]
[EventType "swiss"]
[EventCountry "LAT"]
[Tiebreak "Cut1 Buchholz+Sonneborn-Berger (Swiss)"]
[SourceTitle "playchess.com"]
[Source "ChessBase"]
[SourceQuality "1"]
[TimeControl "40/6000+30:20/3000+30:900+30"]

1. e4 {[%emt 0:10:04]} e5 {[%emt 0:10:06]} 2. Nf3 {[%emt 0:00:07]} Nc6 {
[%emt 0:00:03]} 3. Bc4 {[%emt 0:00:08]} Nf6 {[%emt 0:00:04]} 4. d3 {[%emt 0:00:
07]} Bc5 $11 {[%emt 0:00:09]} 5. O-O {[%emt 0:00:30]} d6 {[%emt 0:01:20]} 6. c3
{[%emt 0:00:11]} a6 {[%emt 0:00:18]} 7. Bb3 {[%emt 0:00:21]} Ba7 {[%emt 0:00:
49]} 8. Nbd2 {[%emt 0:03:21]} h6 {[%emt 0:00:55]} 9. Re1 {[%emt 0:03:29]} g5 {
[%emt 0:00:20]} 10. Nf1 {[%emt 0:02:19]} Nh5 {[%emt 0:01:04]} 11. Be3 {[%emt 0:
07:43]} Nf4 {[%emt 0:06:06]} 12. d4 {[%emt 0:26:06]} Qf6 {[%emt 0:28:05]} 13.
dxe5 {[%emt 0:21:48]} dxe5 {[%emt 0:00:04]} 14. Bxa7 {[%emt 0:01:30]} Rxa7 {
[%emt 0:04:34]} 15. Ne3 {[%emt 0:00:49]} g4 {[%emt 0:11:37]} 16. Nd5 {[%emt 0:
02:50]} Nxd5 {[%emt 0:01:29]} 17. exd5 {[%emt 0:00:24]} gxf3 {[%emt 0:00:13]}
18. dxc6 {[%emt 0:00:27]} Rg8 {[%emt 0:04:03]} 19. g3 {[%emt 0:00:47]} Kf8 {
[%emt 0:03:01]} 20. Bd5 {[%emt 0:01:52]} bxc6 {[%emt 0:00:33]} 21. Qxf3 {
[%emt 0:02:13]} Rg6 {[%emt 0:01:30]} 22. Qxf6 {[%emt 0:02:54]} Rxf6 {[%emt 0:
00:04]} 23. Bg2 {[%emt 0:00:06]} Rb7 {[%emt 0:02:10]} 24. b3 {[%emt 0:00:13]}
Rb5 {[%emt 0:06:10]} 25. c4 {[%emt 0:00:34]} Ra5 {[%emt 0:04:55]} 26. a4 {
[%emt 0:00:37]} Rc5 {[%emt 0:00:46]} 27. a5 {[%emt 0:00:25]} Re6 {[%emt 0:06:
51]} 28. f3 {[%emt 0:11:42]} Re8 {[%emt 0:10:05]} 29. Bf1 {[%emt 0:01:10]} e4 {
[%emt 0:04:46]} 30. Rxe4 {[%emt 0:08:03]} Rxe4 {[%emt 0:00:04]} 31. fxe4 {
[%emt 0:00:03]} Re5 {[%emt 0:00:05]} 32. Bd3 {[%emt 0:00:23]} c5 {[%emt 0:00:
09]} 33. Kf2 {[%emt 0:00:41]} Bb7 {[%emt 0:00:40]} 34. Ke3 {[%emt 0:01:33]} Ke7
{[%emt 0:02:41]} 35. Kf4 {[%emt 0:01:05]} f6 {[%emt 0:00:20]} 36. g4 {[%emt 0:
00:53]} Re6 {[%emt 0:01:18]} 37. Rg1 {[%emt 0:00:47]} Rd6 {[%emt 0:00:15]} 38.
Ke3 {[%emt 0:00:11]} Rd8 {[%emt 0:00:23]} 39. Rf1 {[%emt 0:00:21]} Bc8 {
[%emt 0:00:09]} 40. Be2 {[%emt 0:00:44]} Be6 {[%emt 0:00:21]} 41. Rg1 {[%emt 0:
27:45]} Rb8 {[%emt 0:23:26]} 42. Bd1 {[%emt 0:01:16]} Rd8 {[%emt 0:08:03]} 43.
Bc2 {[%emt 0:01:02]} Rg8 {[%emt 0:00:14]} 44. Kf4 {[%emt 0:01:36]} Rd8 {
[%emt 0:00:32]} 45. Rg2 {[%emt 0:00:41]} Rg8 {[%emt 0:07:47]} 46. h4 {[%emt 0:
01:24]} Kd6 {[%emt 0:05:29]} 47. Bd1 {[%emt 0:02:55]} Rf8 {[%emt 0:00:40]} 48.
Rd2+ {[%emt 0:01:33]} Ke7 {[%emt 0:00:05]} 49. Rd3 {[%emt 0:00:52]} Rg8 {
[%emt 0:01:05]} 50. e5 {[%emt 0:03:07]} fxe5+ {[%emt 0:08:30]} 51. Kxe5 {
[%emt 0:00:11]} Bxg4 {[%emt 0:00:07]} 52. Rg3 {[%emt 0:02:47]} Be6 {[%emt 0:00:
26]} 53. Rxg8 {[%emt 0:00:26]} Bxg8 {[%emt 0:00:03]} 54. Bg4 {[%emt 0:01:34]}
Bh7 {[%emt 0:01:41]} 55. Bf5 {[%emt 0:07:01]} Bg8 {[%emt 0:00:04]} 56. Bc8 {
[%emt 0:02:24]} c6 {[%emt 0:00:15]} 57. Bxa6 {[%emt 0:00:55]} Kd7 {[%emt 0:00:
04]} 58. Kf6 {[%emt 0:01:06]} Bh7 {[%emt 0:00:03]} 59. Kg7 {[%emt 0:00:01]} Bc2
{[%emt 0:02:19]} 60. Kxh6 {[%emt 0:00:09]} Bxb3 {[%emt 0:00:20]} 61. h5 {
[%emt 0:15:25]} Bd1 {[%emt 0:15:15]} 62. Kg6 {[%emt 0:00:23]} Kc7 {[%emt 0:00:
38]} 63. h6 {[%emt 0:00:17]} Kb8 {[%emt 0:00:11]} 64. h7 {[%emt 0:00:27]} Bc2+
{[%emt 0:00:04]} 65. Kg7 {[%emt 0:00:04]} Bxh7 {[%emt 0:00:04]} 66. Kxh7 {
[%emt 0:00:02]} Ka7 {[%emt 0:00:10]} 67. Bc8 {[%emt 0:00:05]} Kb8 {[%emt 0:00:
04]} 68. Bd7 {[%emt 0:00:16]} Kb7 {[%emt 0:00:10]} 69. Kg6 {[%emt 0:00:20]} 1-0

[Event "FIDE Womens Grand Swiss 2021"]
[Site "Riga"]
[Date "2021.10.28"]
[Round "2.23"]
[White "Eizaguerri Floris, Maria"]
[Black "Cyfka, Karina"]
[Result "0-1"]
[WhiteElo "2328"]
[BlackElo "2409"]
[Annotator "NA"]
[PlyCount "128"]
[EventDate "2021.10.27"]
[EventType "swiss"]
[EventCountry "LAT"]
[Tiebreak "Cut1 Buchholz+Sonneborn-Berger (Swiss)"]
[SourceTitle "playchess.com"]
[Source "ChessBase"]
[SourceQuality "1"]
[TimeControl "40/6000+30:20/3000+30:900+30"]

1. e4 {[%emt 0:10:02]} e5 {[%emt 0:10:05]} 2. Nf3 {[%emt 0:00:04]} Nc6 {
[%emt 0:00:14]} 3. Bb5 {[%emt 0:00:09]} a6 {[%emt 0:00:30]} 4. Ba4 {[%emt 0:00:
05]} Nf6 {[%emt 0:00:06]} 5. O-O {[%emt 0:00:22]} Be7 {[%emt 0:00:34]} 6. Re1 {
[%emt 0:00:53]} b5 {[%emt 0:00:10]} 7. Bb3 {[%emt 0:00:04]} O-O {[%emt 0:00:05]
} 8. c3 {[%emt 0:00:08]} d5 {[%emt 0:00:35]} 9. exd5 {[%emt 0:00:56]} Nxd5 {
[%emt 0:00:08]} 10. Nxe5 {[%emt 0:00:10]} Nxe5 {[%emt 0:00:06]} 11. Rxe5 {
[%emt 0:00:04]} c6 {[%emt 0:00:04]} 12. d3 {[%emt 0:01:58]} Bd6 {[%emt 0:00:51]
} 13. Re1 {[%emt 0:00:19]} Bf5 {[%emt 0:01:31]} 14. Qf3 {[%emt 0:00:14]} Qh4 {
[%emt 0:03:18]} 15. g3 {[%emt 0:00:14]} Qh3 {[%emt 0:06:39]} 16. Be3 {[%emt 0:
01:09]} Bg4 {[%emt 0:17:42]} 17. Qg2 {[%emt 0:02:41]} Qh5 {[%emt 0:00:04]} 18.
Nd2 {[%emt 0:08:36]} Rae8 {[%emt 0:01:30]} 19. Bxd5 {[%emt 0:08:45]} cxd5 {
[%emt 0:01:16]} 20. f3 {[%emt 0:13:09]} Bh3 {[%emt 0:09:20]} 21. Qf2 {[%emt 0:
01:35]} Qg6 {[%emt 0:01:22]} 22. Rad1 {[%emt 0:03:59]} h5 {[%emt 0:06:39]} 23.
Nb3 {[%emt 0:11:47]} h4 {[%emt 0:05:17]} 24. f4 {[%emt 0:00:31]} Bf5 {[%emt 0:
08:53]} 25. Nc1 {[%emt 0:11:47]} hxg3 {[%emt 0:06:52]} 26. hxg3 {[%emt 0:04:14]
} Bg4 {[%emt 0:00:17]} 27. Rd2 {[%emt 0:00:48]} Qh5 {[%emt 0:04:19]} 28. Qh2 {
[%emt 0:03:29]} Qf5 {[%emt 0:00:17]} 29. Nb3 {[%emt 0:03:25]} Qg6 {[%emt 0:02:
53]} 30. Nd4 {[%emt 0:07:23]} Re7 {[%emt 0:03:28]} 31. Bf2 {[%emt 0:04:05]}
Rxe1+ {[%emt 0:01:45]} 32. Bxe1 {[%emt 0:00:01]} Re8 {[%emt 0:00:25]} 33. Bf2 {
[%emt 0:00:24]} b4 {[%emt 0:03:25]} 34. Qg2 {[%emt 0:04:32]} bxc3 {[%emt 0:00:
29]} 35. bxc3 {[%emt 0:00:05]} Rb8 {[%emt 0:00:54]} 36. Nb3 {[%emt 0:00:13]} a5
{[%emt 0:02:46]} 37. Ba7 {[%emt 0:08:38]} Rb7 {[%emt 0:02:38]} 38. Bd4 {
[%emt 0:00:34]} Qe6 {[%emt 0:02:04]} 39. Qf1 {[%emt 0:00:30]} Rb5 {[%emt 0:04:
56]} 40. Rc2 {[%emt 0:01:16]} a4 {[%emt 0:01:22]} 41. Na1 {[%emt 0:30:02]} Bh3
{[%emt 0:26:05]} 42. Qd1 {[%emt 0:04:10]} Qg6 {[%emt 0:01:21]} 43. Kf2 {
[%emt 0:02:19]} Bg4 {[%emt 0:04:43]} 44. Qf1 {[%emt 0:00:09]} Qf5 {[%emt 0:03:
24]} 45. Kg1 {[%emt 0:06:38]} Qc8 {[%emt 0:01:08]} 46. c4 {[%emt 0:07:08]} dxc4
{[%emt 0:09:54]} 47. dxc4 {[%emt 0:00:17]} Rb4 {[%emt 0:00:33]} 48. a3 {
[%emt 0:01:03]} Rb8 {[%emt 0:00:57]} 49. c5 {[%emt 0:00:12]} Bf8 {[%emt 0:01:
17]} 50. Rc1 {[%emt 0:01:06]} Qd7 {[%emt 0:01:41]} 51. Qc4 {[%emt 0:01:45]} Bf3
{[%emt 0:00:41]} 52. Kf2 {[%emt 0:00:35]} Bd5 {[%emt 0:01:42]} 53. Qf1 {
[%emt 0:01:19]} Bc6 {[%emt 0:02:00]} 54. Be3 {[%emt 0:00:51]} Qd5 {[%emt 0:00:
22]} 55. Ke1 {[%emt 0:00:27]} Bb5 {[%emt 0:03:07]} 56. Qf2 {[%emt 0:00:19]} Re8
{[%emt 0:00:23]} 57. Nc2 {[%emt 0:00:44]} Bxc5 {[%emt 0:00:31]} 58. Rd1 {
[%emt 0:00:10]} Qb3 {[%emt 0:01:12]} 59. Kd2 {[%emt 0:00:34]} Rd8+ {[%emt 0:01:
09]} 60. Ke1 {[%emt 0:00:36]} Qc3+ {[%emt 0:00:16]} 61. Rd2 {[%emt 0:15:06]}
Re8 {[%emt 0:15:36]} 62. Kd1 {[%emt 0:01:03]} Bxe3 {[%emt 0:00:21]} 63. Nxe3 {
[%emt 0:00:21]} Qa1+ {[%emt 0:00:33]} 64. Kc2 {[%emt 0:00:05]} Rc8+ {[%emt 0:
00:03]} 0-1

[Event "FIDE Womens Grand Swiss 2021"]
[Site "Riga"]
[Date "2021.10.28"]
[Round "2.24"]
[White "Golsta, Madara"]
[Black "Sukandar, Irine Kharisma"]
[Result "0-1"]
[WhiteElo "2003"]
[BlackElo "2406"]
[Annotator "TA"]
[PlyCount "76"]
[EventDate "2021.10.27"]
[EventType "swiss"]
[EventCountry "LAT"]
[Tiebreak "Cut1 Buchholz+Sonneborn-Berger (Swiss)"]
[SourceTitle "playchess.com"]
[Source "ChessBase"]
[SourceQuality "1"]

{[%evp 15,76,26,17,0,0,-13,-9,-22,-21,-32,0,-29,-22,-39,-36,-32,-19,-37,-13,
-25,-22,-82,0,-25,-8,-145,-142,-183,-183,-176,-176,-204,-196,-175,-31,-141,
-142,-135,-134,-185,-155,-742,-225,-742,-735,-868,-868,-868,-868,-875,-887,
-818,-484,-818,-775,-872,-849,-802,-785,-721,-716,-638,-610]} 1. c4 e6 2. Nc3
d5 3. d4 Nf6 4. cxd5 exd5 5. Bg5 Be7 6. e3 O-O 7. Qc2 Re8 8. Bd3 h6 9. Bxf6 {
D35: Queen's Gambit Declined: Exchange Variation.} Bxf6 10. Nge2 a5 11. O-O {
The position is equal.} c6 {[#]} 12. Qd2 $146 ({Predecessor:} 12. Rac1 Na6 13.
a3 Nc7 14. Nf4 Ne6 15. Nxe6 Bxe6 16. Na4 Be7 17. Qb3 Qc7 18. Qb6 {1-0 (39)
Rewitz,P (2253)-Pedersen,D (2254) Denmark 2015}) 12... b5 13. Kh1 Nd7 14. Rae1
Nb6 15. b3 Qe7 16. Bb1 Ba6 17. Nd1 b4 18. f3 (18. Nb2 $11 {keeps the balance.})
18... Bh4 (18... c5 $17 19. Qc2 g6 20. Qxc5 Qxc5 21. dxc5 Nd7) 19. g3 Bf6 20.
e4 (20. Qc2 $11 {remains equal.} g6 21. Qxc6) 20... dxe4 $17 21. fxe4 Rad8 22.
Ne3 Bg5 $1 {And now ...Nd5! would win.} 23. h4 Bxe3 24. Qxe3 {[#]} Bxe2 (24...
Nd5 $1 $19 {[%mdl 512]} 25. Qf3 Nc3 26. Nxc3 Bxf1 27. Rxf1 bxc3 28. Qxc3 Qd7)
25. Rxe2 {[#]} (25. Qxe2 $15 Rxd4 26. e5) 25... Nd5 $1 {[%cal Rd5e3][%mdl 576]
Pin} 26. Qd3 Nc3 27. Re3 (27. e5 $17 Nxb1 28. Rxb1) 27... Qd7 28. Ref3 $2 {
This costs White the game.} (28. Bc2 $17) 28... Qh3+ $19 29. Kg1 {[#]} Rxd4 $1
{[%cal Re8e4][%mdl 512] Black is clearly winning.} 30. Qe3 (30. Qc2 Rexe4)
30... Rdxe4 31. Bxe4 Rxe4 32. Qd3 Ne2+ 33. Kf2 Qh2+ 34. Ke1 Nxg3+ 35. Re3 Rxe3+
36. Qxe3 Nxf1 37. Qe8+ Kh7 {...Ng3 is the strong threat.} 38. Qe4+ g6 {
Weighted Error Value: White=0.68/Black=0.14} 0-1

[Event "FIDE Womens Grand Swiss 2021"]
[Site "Riga"]
[Date "2021.10.28"]
[Round "2.25"]
[White "Socko, Monika"]
[Black "February, Jesse Nikki"]
[Result "1-0"]
[WhiteElo "2397"]
[BlackElo "1857"]
[Annotator "NA"]
[PlyCount "121"]
[EventDate "2021.10.27"]
[EventType "swiss"]
[EventCountry "LAT"]
[Tiebreak "Cut1 Buchholz+Sonneborn-Berger (Swiss)"]
[SourceTitle "playchess.com"]
[Source "ChessBase"]
[SourceQuality "1"]
[TimeControl "40/6000+30:20/3000+30:900+30"]

1. e4 {[%emt 0:10:04]} e6 {[%emt 0:10:24]} 2. d4 {[%emt 0:00:05]} d5 {[%emt 0:
00:10]} 3. Bd3 {[%emt 0:00:05]} dxe4 {[%emt 0:00:32]} 4. Bxe4 {[%emt 0:00:02]}
Nf6 {[%emt 0:00:52]} 5. Bf3 {[%emt 0:00:04]} c5 {[%emt 0:01:41]} 6. Ne2 {
[%emt 0:00:10]} Nc6 {[%emt 0:04:49]} 7. Be3 {[%emt 0:02:03]} cxd4 {[%emt 0:04:
41]} 8. Nxd4 {[%emt 0:00:08]} Nxd4 {[%emt 0:00:48]} 9. Qxd4 {[%emt 0:01:07]}
Qxd4 {[%emt 0:03:39]} 10. Bxd4 {[%emt 0:00:04]} Bd6 {[%emt 0:00:28]} 11. O-O {
[%emt 0:13:41]} O-O {[%emt 0:01:44]} 12. Rd1 {[%emt 0:00:16]} Bc7 {[%emt 0:04:
49]} 13. Nc3 {[%emt 0:02:46]} a6 {[%emt 0:03:19]} 14. Na4 {[%emt 0:03:38]} Bd7
{[%emt 0:03:22]} 15. Nc5 {[%emt 0:00:28]} Bc6 {[%emt 0:06:26]} 16. Bxc6 {
[%emt 0:01:23]} bxc6 {[%emt 0:01:13]} 17. Bxf6 {[%emt 0:00:05]} gxf6 {[%emt 0:
03:35]} 18. Nd7 {[%emt 0:00:09]} Rfd8 {[%emt 0:01:25]} 19. Nxf6+ {[%emt 0:00:
07]} Kg7 {[%emt 0:00:41]} 20. Ne4 {[%emt 0:01:31]} Be5 {[%emt 0:03:41]} 21. c3
{[%emt 0:00:36]} Rab8 {[%emt 0:01:44]} 22. Rxd8 {[%emt 0:01:49]} Rxd8 {[%emt 0:
00:12]} 23. Kf1 {[%emt 0:01:21]} Rd5 {[%emt 0:12:36]} 24. g3 {[%emt 0:03:26]}
f5 {[%emt 0:02:49]} 25. Ng5 {[%emt 0:00:36]} Kf6 {[%emt 0:02:14]} 26. f4 {
[%emt 0:02:59]} h6 {[%emt 0:03:40]} 27. Nf3 {[%emt 0:01:10]} Bc7 {[%emt 0:01:
04]} 28. Ke2 {[%emt 0:05:12]} e5 {[%emt 0:02:11]} 29. fxe5+ {[%emt 0:00:50]}
Bxe5 {[%emt 0:00:15]} 30. Rd1 {[%emt 0:00:21]} Rb5 {[%emt 0:02:00]} 31. b3 {
[%emt 0:00:20]} a5 {[%emt 0:02:49]} 32. Nd4 {[%emt 0:09:23]} Rb6 {[%emt 0:01:
22]} 33. Kd3 {[%emt 0:02:19]} c5 {[%emt 0:01:40]} 34. Ne2 {[%emt 0:00:03]} Rd6+
{[%emt 0:05:10]} 35. Kc2 {[%emt 0:00:03]} Re6 {[%emt 0:00:56]} 36. Rd5 {
[%emt 0:02:11]} Bd6 {[%emt 0:01:08]} 37. Kd3 {[%emt 0:01:03]} Kg5 {[%emt 0:01:
01]} 38. h3 {[%emt 0:09:08]} h5 {[%emt 0:00:50]} 39. a4 {[%emt 0:00:09]} Be7 {
[%emt 0:04:15]} 40. Nf4 {[%emt 0:05:01]} Re4 {[%emt 0:00:41]} 41. Nxh5 {
[%emt 0:51:24]} Re1 {[%emt 0:54:03]} 42. Nf4 {[%emt 0:02:50]} Rb1 {[%emt 0:01:
55]} 43. Kc4 {[%emt 0:00:54]} Rg1 {[%emt 0:00:16]} 44. Ne6+ {[%emt 0:03:25]}
Kf6 {[%emt 0:00:17]} 45. Nxc5 {[%emt 0:00:11]} Rxg3 {[%emt 0:00:17]} 46. Nd3 {
[%emt 0:02:04]} Rxh3 {[%emt 0:00:39]} 47. Rxa5 {[%emt 0:00:25]} f4 {[%emt 0:01:
45]} 48. Rd5 {[%emt 0:01:14]} f3 {[%emt 0:00:32]} 49. Nf2 {[%emt 0:03:37]} Rh8
{[%emt 0:01:43]} 50. Rd3 {[%emt 0:01:43]} Rc8+ {[%emt 0:00:47]} 51. Kd5 {
[%emt 0:00:28]} Rd8+ {[%emt 0:03:09]} 52. Ke4 {[%emt 0:00:36]} Rb8 {[%emt 0:00:
17]} 53. Rxf3+ {[%emt 0:01:48]} Ke6 {[%emt 0:00:07]} 54. c4 {[%emt 0:00:07]}
Bb4 {[%emt 0:00:13]} 55. Nd3 {[%emt 0:00:26]} Ba5 {[%emt 0:02:16]} 56. Rf5 {
[%emt 0:01:08]} Bc7 {[%emt 0:00:34]} 57. Rh5 {[%emt 0:01:07]} Bd6 {[%emt 0:01:
11]} 58. c5 {[%emt 0:00:20]} Be7 {[%emt 0:00:36]} 59. b4 {[%emt 0:01:08]} Ra8 {
[%emt 0:00:31]} 60. Rh6+ {[%emt 0:01:03]} Kd7 {[%emt 0:00:09]} 61. Ne5+ {
[%emt 0:15:59]} 1-0

[Event "FIDE Womens Grand Swiss 2021"]
[Site "Riga"]
[Date "2021.10.29"]
[Round "3.1"]
[White "Dzagnidze, Nana"]
[Black "Pogonina, Natalija"]
[Result "1/2-1/2"]
[WhiteElo "2524"]
[BlackElo "2467"]
[Annotator "TA"]
[PlyCount "138"]
[EventDate "2021.10.27"]
[EventType "swiss"]
[EventCountry "LAT"]
[Tiebreak "Cut1 Buchholz+Sonneborn-Berger (Swiss)"]
[SourceTitle "playchess.com"]
[Source "ChessBase"]
[SourceQuality "1"]

{[%evp 15,138,17,16,11,23,15,30,0,0,0,0,0,0,0,0,0,0,-93,-92,-99,-97,-160,18,
-161,-167,-167,-159,-161,-160,-159,-161,-164,-161,-180,-199,-230,-233,-231,
-231,-231,-221,-221,-221,-247,-223,-218,-190,-283,-279,-516,-527,-530,-530,
-530,-514,-540,-519,-606,-606,-520,-497,-472,-371,-371,-371,-370,-370,-367,
-364,-469,-459,-403,-53,-60,-59,-125,-125,-125,-125,-125,-125,-127,-127,-127,
-125,-125,-69,-69,-69,-74,-69,-69,-58,-69,-69,-69,-61,-61,-61,-61,-61,-61,-61,
-61,-61,-61,0,-61,-61,-61,-53,-61,-61,-61,-61,-61,-61,-61,-61,-61,0,-61,-61,
-64,-61]} 1. Nf3 d5 2. g3 c6 3. Bg2 Bg4 4. O-O Nf6 5. d3 Nbd7 6. Nbd2 e5 7. e4
Bd6 8. h3 Bh5 9. exd5 {A07: Réti Opening: New York and Capablanca Systems.}
Nxd5 10. Nc4 Bc7 11. g4 {White has an edge.} Bg6 12. Re1 {[%cal Rc4e5] [#]} f6
$146 ({Predecessor:} 12... O-O 13. Ncxe5 Nxe5 14. Nxe5 Re8 15. Nxg6 fxg6 16.
Rxe8+ Qxe8 17. Bxd5+ cxd5 18. Be3 Qf7 {1-0 (37) Adly,A (2626)-Pogonina,N (2465)
Sitges 2018}) 13. d4 {[%cal Rd4e5]} O-O $1 14. dxe5 Nxe5 15. Ncxe5 fxe5 16. Bg5
(16. Nxe5 $11 Qd6 17. c3) 16... Qd6 $17 {...e4 is the strong threat.} 17. Nxe5
Rae8 18. Nxg6 (18. f4 $142) 18... Qh2+ 19. Kf1 {[#]} Rxf2+ $1 {[%mdl 576]
Remove Defender} 20. Kxf2 Bg3+ 21. Kf3 Bxe1 $40 {[%mdl 128] Black goes for the
king.} ({Weaker is} 21... Rxe1 22. Ne7+ Rxe7 23. Bxe7 $18) 22. Qxe1 Rxe1 23.
Rxe1 hxg6 24. c4 {[#]} Qd6 25. Rd1 (25. Bf1 Nb4) 25... Qf8+ $1 26. Kg3 Nf6 27.
b3 Qe7 28. Bf4 Qe2 29. Rd2 Ne4+ 30. Bxe4 Qxe4 $19 {[%mdl 4096] Endgame KQ-KRB}
31. Rf2 (31. Rd7 {was worth a try.}) 31... a5 32. a4 $2 (32. h4) 32... Qb1 33.
Rf3 Qg1+ 34. Kh4 Qe1+ 35. Rg3 g5+ 36. Kxg5 Qe6 {( -> ...Qf6+)} ({Less strong is
} 36... Qe7+ 37. Kf5 $15) 37. Kh4 Qf6+ 38. Bg5 Qf2 39. Be3 Qe1 40. g5 g6 41.
Bf4 Qe4 42. Kg4 {[#]} Qf5+ $1 43. Kf3 {and the idea Ke3 leaves White hopeful.}
Kf7 $2 (43... c5 $19 {Hoping for ...Kh7.} 44. Rg4 Qd3+ 45. Be3 Qxb3) 44. Kg2
Qc2+ ({Wrong is} 44... Qxf4 $2 45. Rf3 $18) 45. Kg1 {[#]} (45. Kf1 $1 $15)
45... Ke6 $1 $17 46. Re3+ Kf5 47. Bg3 {[%csl Gg3][%cal Re3e5]} Kxg5 48. Re5+
Kf6 49. Re3 g5 50. Bf2 g4 (50... Qd1+ $17 51. Kg2 Kg6) 51. hxg4 $15 Qd1+ 52.
Be1 Qxg4+ 53. Kf2 b6 54. Bc3+ Kf5 55. Ke1 Kf4 56. Kd2 Qg2+ 57. Re2 Qf1 58. Re1
Qf2+ 59. Re2 Qf3 60. Re1 Qg2+ 61. Re2 Qg6 (61... Qg5 {feels hotter.} 62. Kc2
Qg6+ 63. Kb2 Qh5 64. Re1 Qh2+) 62. Re1 Qh7 63. Kc1 Kf3 64. Kb2 Qh2+ 65. Kb1 Qf2
66. Re6 {Threatens to win with Rf6+.} Qg1+ 67. Ka2 Qg2+ (67... Qh2+ $1 $15 68.
Ka3 Qc7) 68. Kb1 ({White should try} 68. Ka3 $11) 68... Kf4 69. Re1 Qg6+ {
And White is the lucky defender.  Weighted Error Value: White=0.21/Black=0.17}
1/2-1/2

[Event "FIDE Womens Grand Swiss 2021"]
[Site "Riga"]
[Date "2021.10.29"]
[Round "3.2"]
[White "Paehtz, Elisabeth"]
[Black "Lei, Tingjie"]
[Result "1/2-1/2"]
[WhiteElo "2475"]
[BlackElo "2505"]
[Annotator "TA"]
[PlyCount "60"]
[EventDate "2021.10.27"]
[EventType "swiss"]
[EventCountry "LAT"]
[Tiebreak "Cut1 Buchholz+Sonneborn-Berger (Swiss)"]
[SourceTitle "playchess.com"]
[Source "ChessBase"]
[SourceQuality "1"]

{[%evp 29,60,8,14,6,9,9,8,8,21,14,14,14,14,14,14,14,14,10,17,17,21,21,21,21,21,
21,21,0,21,21,21,0,22]} 1. e4 e5 2. Nf3 Nc6 3. Bb5 a6 4. Ba4 Nf6 5. d4 exd4 6.
O-O Be7 7. e5 Ne4 8. Nxd4 Nxd4 9. Qxd4 Nc5 10. Nc3 O-O 11. Nd5 d6 12. Nxe7+
Qxe7 13. exd6 Qxd6 14. Qxd6 cxd6 15. Bb3 Nxb3 {The position is equal.} 16. axb3
{C84: Closed Ruy Lopez: Unusual White 6th moves.} Bf5 17. c3 Rfe8 18. Be3 d5
19. b4 {[#]} Bd3 $146 ({Predecessor:} 19... Rac8 20. Rfd1 Be6 21. Ra5 g6 22. b5
axb5 23. Rxb5 Rc7 24. Ra1 f6 25. h3 Ree7 {1/2-1/2 (53) Bonarek,L-Kaczmarek,P
Poland 1990}) 20. Rfd1 Bc4 21. Re1 f6 22. Bd4 Kf7 23. f3 (23. Bc5 {with more
complications.} h5 24. f3 h4 25. Kf2 Re5 26. Bd6) 23... Rxe1+ 24. Rxe1 Re8 25.
Rxe8 Kxe8 $11 {KB-KB} 26. Kf2 Kf7 27. Bc5 Ke6 28. Bd4 Bb5 29. Ke3 Bf1 30. Kf2
Bc4 {An uneventful encounter.  Weighted Error Value: White=0.04/Black=0.03}
1/2-1/2